Реклама как эффективный маркетинговый инструмент на примере медиа-бизнеса; Энергия молодых - экономике России; Ч. 2

Bibliografiske detaljer
Parent link:Энергия молодых - экономике России: труды IX Международной научно-практической конференции студентов и молодых ученых, г. Томск, 19-22 мая 2008 г./ Томский политехнический университет (ТПУ) ; Вольное экономическое общество России ; Международный союз экономистов (МСЭ).— , 2008
Ч. 2.— 2008.— С. 186-187
Hovedforfatter: Панова Т. А.
Andre forfattere: Артюхова Т. З. Татьяна Захаровна (научный руководитель)
Sprog:russisk
Udgivet: 2008
Fag:
Format: MixedMaterials Book Chapter
KOHA link:https://koha.lib.tpu.ru/cgi-bin/koha/opac-detail.pl?biblionumber=159470

MARC

LEADER 00000naa2a2200000 4500
001 159470
005 20231031155139.0
035 |a (RuTPU)RU\TPU\book\172975 
090 |a 159470 
100 |a 20090512d2008 k y0rusy50 ca 
101 0 |a rus 
102 |a RU 
200 1 |a Реклама как эффективный маркетинговый инструмент на примере медиа-бизнеса  |f Т. А. Панова  |g науч. рук. Т. З. Артюхова 
461 0 |0 (RuTPU)RU\TPU\book\166087  |t Энергия молодых - экономике России  |o труды IX Международной научно-практической конференции студентов и молодых ученых, г. Томск, 19-22 мая 2008 г.  |f Томский политехнический университет (ТПУ) ; Вольное экономическое общество России ; Международный союз экономистов (МСЭ)  |d 2008 
463 0 |0 (RuTPU)RU\TPU\book\167192  |t Ч. 2  |v С. 186-187  |d 2008 
610 1 |a телевидение 
610 1 |a реклама 
610 1 |a манипуляция 
610 1 |a манипулятивные теории 
610 1 |a рекламные агентства 
610 1 |a коммуникационные агентства 
610 1 |a интернет-реклама 
610 1 |a бизнес 
610 1 |a труды учёных ТПУ 
700 1 |a Панова  |b Т. А. 
702 1 |a Артюхова  |b Т. З.  |c экономист  |c доцент Томского политехнического университета, кандидат экономических наук  |f 1951-  |g Татьяна Захаровна  |2 stltpush  |4 727 
801 1 |a RU  |b 63413507  |c 20090512  |g PSBO 
801 2 |a RU  |b 63413507  |c 20161122  |g RCR 
942 |c BK